000 00520cam a2200193 4500
001 B1063
008 090401t1981 xxu||||| |||| 00| 0 eng d
035 _a(Sirsi) u42400
041 _aeng
050 _a333.33097641411
110 _aConnells Commercial
_91925
245 _aConnells international real estate: the Houston real estate market 1980
260 _aLondon
_bConnells Commercial
_c1981
300 _a(16) leaves ; 30cm.
350 _a0
650 _aPROPERTY MARKET
942 _n0
948 _c04/03/1997
999 _c91098
_d91098